| 000 | 00429 a2200157 4500 | ||
|---|---|---|---|
| 999 |
_c7681 _d7681 |
||
| 020 | _a9780340925966 | ||
| 050 | _aHF5429.235 ILL 2006 | ||
| 100 |
_aIlletschko, Kurt _eauthor |
||
| 245 |
_aFranchising / _cKurt Illetschko |
||
| 264 |
_aLondon : _bHodder Education, _c2006. |
||
| 300 | _a193p. : | ||
| 500 | _aIncludes index | ||
| 650 | _aFranchises (Retail trade) | ||
| 650 | _aSmall business | ||
| 942 |
_2lcc _cBK _h5429.235 _iILL _kHF |
||